00660nam a2200181 a 450000100100000000500170001000800410002704000250006808200150009310000340010824500940014226000560023630000260029249000250031850000730034370000370041683000250045300002645620200930030232.0110318s1970 mx r 000 0 spa d aDO-SdBNPbspacBNPHU axxxbG747a1 aGramsci, Antonio,d1891-1937.10aAntología /cAntonio Gramsci ; selección, traducción y notas de Manuel Sacristán. aMéxico, D. F. :bSiglo Veintiuno Editores,c1970. axvi, 522 p. ;c21 cm.1 aTeoría y crítica aIncluye referencias bibliográficas y notas al pie de las páginas1 aSacristán Luzón, Manueletr. 0aTeoría y crítica